| 000 | 00687nam a22002411c 4500 | ||
|---|---|---|---|
| 001 | a987676902 | ||
| 008 | 160811s2007 gw |||| 000u rus d | ||
| 020 |
_a9785946680509 _9978-5-94668-050-9 |
||
| 041 | _arus | ||
| 100 | 1 | _aSüss, Wladimir | |
| 240 | 1 | 4 | _aDas Schulwesen der deutschen Minderheit in Russland |
| 245 | 0 | 0 | _aČemu i kak učili v nemeckich školach Rossii (načalo XVIII stoletija - 1917 goda) |
| 264 |
_aSankt-Peterburg : _bRostok, _c2007 |
||
| 300 | _a520 S. | ||
| 650 | 0 | _aDeutsche | |
| 650 | 0 | _aRusslanddeutsche | |
| 650 | 0 | _aSchule | |
| 650 | 0 | _aAuslandsschule | |
| 650 | 0 | _aErziehung | |
| 942 | _cMG | ||
| 040 | _cRU-10907106 | ||
| 003 | RU-10907106 | ||
| 999 |
_c38901 _d38901 |
||